Última palabra en canciones de Raly Barrionuevo - Estadísticas

Estadísticas generales
  • Esta prueba ha sido intentada 9 veces
  • La puntuación promedio es 8 de 18
Estadísticas de respuestas
Hint Respuesta % Correcto
La niña de los Andamios
88%
Donde alguien me Espera
88%
Cuarto Menguante
88%
Solo tus Ojos
88%
La gente del Campo
63%
Melodia Viajera
63%
Circo Criollo
50%
Somos Nosotros
50%
Ey Paisano
50%
Chacarera del Exilio
38%
Zamba y Acuarela
25%
Mujer Caminante
25%
Chacarera de la Espada
25%
Y seremos Agua
13%
Como danza la Esperanza
13%
El sol parece Lluvia
13%
Niña Luna
13%
Tu memoria y tu Mañana
13%
No se encontraron pruebas coincidentes
Distribución de puntuación
Porcentaje de gente con cada puntuación
Porcentaje por número respondido
Historial de tus puntuaciones
No has intentado esta prueba.